[Event "1984 - Gruppe A"]
[Site "?"]
[Date "2008.??.??"]
[Round "11"]
[White "Constellation, Novag"]
[Black "Elite A/S Budapest 8 Mhz, Fidelity"]
[Result "0-1"]
[WhiteElo "1711"]
[BlackElo "1860"]
[Annotator "Peter Haupert"]
[PlyCount "74"]
[EventDate "2008.??.??"]

1. c4 c5 2. Nc3 Nc6 3. g3 {Ende Bibi Constellation} g6 4. Bg2 Bg7 {Ende Bibi Bu
dapest. Leider hat der Budapest nur eine kleine Bibliothek, die sich aber mit
CB 9 oder CB 16 Modulen erweitern läßt.} 5. d3 Bxc3+ $2 {antipositioneller Zug}
6. bxc3 Nf6 7. Bf4 d6 8. Qa4 Bd7 9. Rb1 Na5 10. Qa3 Rb8 11. d4 $2 {Nf3 oder Pe4
} Nxc4 12. Qxa7 Ra8 $2 {0-0!} 13. Qxb7 Rxa2 14. Qb3 Ra4 15. Nf3 Nd5 16. e4 $6 {
Bh6! verhindert die Rochade} Nxf4 17. gxf4 cxd4 18. Nxd4 O-O $15 19. Rd1 Qa8 $1
{Elite will die offenen Linien besetzen} 20. Ne2 $4 {Ein Rohrkrepierer!} Rb8
21. Qc2 Ra2 22. Qc1 Nb2 23. h3 $2 Nxd1 24. Qxd1 Ra1 25. Nc1 Rbb1 26. Kd2 Rxc1
27. Qxc1 Rxc1 28. Rxc1 f5 29. f3 Qa7 30. Kd3 Qf2 31. Rc2 Bb5+ 32. c4 Bxc4+ 33.
Kc3 Be2 34. Bh1 Qe1+ 35. Kb2 Qxh1 36. Rxe2 Qxf3 37. Rc2 fxe4 0-1

[Event "1984 - Gruppe A"]
[Site "?"]
[Date "2008.??.??"]
[Round "11"]
[White "Constellation, Novag"]
[Black "Ambassador 2 MHz, Conchess"]
[Result "1-0"]
[WhiteElo "1711"]
[BlackElo "1600"]
[Annotator "Peter Haupert"]
[PlyCount "125"]
[EventDate "2008.??.??"]

1. e4 e5 2. Nf3 Nc6 3. Bb5 Nd4 4. Ba4 {Ende Bibi Constellation} Nxf3+ 5. Qxf3
Bc5 {Ende Bibi Ambassador} 6. d3 Nf6 7. Qg3 $1 O-O 8. Bh6 Bb4+ $4 (8... Bxf2+
$5 9. Kxf2 Nxe4+ 10. dxe4 Qf6+ 11. Kg1 Qxh6 $16) (8... Ne8 $1 9. O-O c6 $14) 9.
c3 Nh5 10. Qxe5 gxh6 11. Qxh5 Be7 12. O-O Kg7 13. Nd2 d6 14. d4 Be6 15. Bb3 Bh4
$2 16. Bxe6 fxe6 17. g3 {besser Pf4!} Qg5 18. Qxg5+ Bxg5 19. f4 Bf6 20. Kg2
Rac8 21. g4 Kh8 22. f5 Bg5 23. Rad1 Bxd2 24. Rxd2 Rf6 $6 25. e5 Rf7 26. exd6
exf5 27. dxc7 f4 28. Rdf2 Rfxc7 29. Rxf4 Re7 30. Rf7 Rce8 31. Kg3 Re3+ 32. R1f3
R8e7 33. Kh4 Re2 34. Rxe7 Rxe7 35. Rf8+ Kg7 36. Rb8 b6 37. b3 Rc7 $2 38. c4 Re7
39. d5 Kg6 40. Ra8 {Pa4->a5} Re2 {Ph5!} 41. Rxa7 Rxh2+ 42. Kg3 Rd2 43. Kf3 Rd3+
44. Kf4 Rd4+ 45. Kf3 (45. Ke5 $1 Rxg4 46. d6) 45... Rd3+ 46. Ke4 Rg3 47. Kf4 {
Pd6!} Rd3 48. Ra6 Rd4+ 49. Ke5 $1 {im zweiten Versuch} Rxg4 50. Rxb6+ Kg7 51.
a4 h5 52. Rb7+ {Pd6!} Kh6 53. d6 Rg5+ 54. Ke6 Rg6+ 55. Kd5 Rg5+ 56. Kc6 h4 57.
d7 Rg8 58. Kc7 Kg5 59. d8=Q+ Rxd8 60. Kxd8 h5 61. Rg7+ Kf4 62. Rf7+ Kg5 63. c5
1-0

[Event "1984 - Gruppe A"]
[Site "?"]
[Date "2008.??.??"]
[Round "9"]
[White "Mirage, Mephisto"]
[Black "Ambassador 2 MHz, Conchess"]
[Result "1/2-1/2"]
[WhiteElo "1508"]
[BlackElo "1600"]
[Annotator "Peter Haupert"]
[PlyCount "77"]
[EventDate "2008.??.??"]

1. d4 d5 2. c4 e6 {Ende Bibi Ambassador} 3. Nf3 dxc4 4. e4 Nf6 5. Bg5 {
Ende Bibi Mirage} Bb4+ 6. Nc3 Bxc3+ 7. bxc3 h6 8. Bxf6 Qxf6 9. Qb1 {besser Bxc4
} Qg6 10. Ne5 Qg5 11. g3 Nc6 12. Nxc6 bxc6 13. Bxc4 O-O 14. e5 Bd7 {besser Pc5!
} 15. Qb7 Rfc8 16. O-O Qf5 17. Rab1 Qf3 18. Rb3 $6 {Rfc1!} a5 $1 19. a4 Kf8 20.
Re1 Kg8 21. Be2 Qe4 22. Rb2 Qf5 23. Reb1 $6 c5 $1 24. Qb3 $6 {
Mirage agiert zu passiv} cxd4 25. cxd4 Bc6 26. Bb5 Be4 27. Rc1 Rab8 28. Qc3 c6
29. Ba6 $2 Rxb2 30. Qxb2 Ra8 $2 (30... Qf3 $1 31. Kf1 Rd8 32. Qc3 Qg2+ 33. Ke2
Rb8 $19) 31. Qe2 $4 {Be2!} Rb8 $4 (31... Rxa6 $1 32. Qxa6 Qf3 $19) 32. Qe3 Bd5
33. Bd3 Qh5 34. Be2 Qf5 35. Bd3 Qg4 36. Be2 Qg6 37. Bd3 Qh5 38. Be2 Qf5 39. Bd3
1/2-1/2

[Event "1984 - Gruppe A"]
[Site "?"]
[Date "2008.??.??"]
[Round "9"]
[White "Ambassador 2 MHz, Conchess"]
[Black "Sensory 9 B, Fidelity"]
[Result "0-1"]
[WhiteElo "1600"]
[BlackElo "1571"]
[Annotator "Peter Haupert"]
[PlyCount "98"]
[EventDate "2008.??.??"]

1. e4 e5 2. Nf3 Nc6 3. d4 exd4 4. Nxd4 Bc5 5. Be3 Qf6 6. c3 {
Ende Bibi Ambassador} Nge7 {Ende Bibi Sensory 9} 7. Nxc6 $2 Bxe3 8. fxe3 Nxc6
9. Nd2 Qh4+ 10. g3 Qg5 11. Qf3 d6 12. Bc4 Ne5 13. Qf4 Qh5 14. Rd1 $2 Nxc4 {
besser Bg4} 15. Nxc4 Be6 16. b3 $6 Bxc4 {0-0-0!} 17. bxc4 {
Die Materialbilanz ist ausgeglichen, aber Ambassador hat zwei Doppel-Isolanis.}
Qa5 18. O-O O-O 19. Rf2 $2 (19. Rd5 $1 Qxa2 20. e5 Rad8 21. exd6 Rxd6 22. Rxd6
cxd6 23. Qxd6 Qxc4 24. Qd4 $17) 19... Qxc3 20. Rd4 Rae8 21. h3 Re6 $1 22. Kg2
Rf6 23. Qg5 Rxf2+ 24. Kxf2 Qc2+ 25. Kf3 f5 $1 26. e5 dxe5 27. Rd7 e4+ 28. Kf4
Qf2+ 29. Ke5 Re8+ 30. Re7 Rxe7+ 31. Qxe7 Qxg3+ 32. Kd4 $4 {Kxf5!} Qd6+ 33. Qxd6
cxd6 34. Kd5 g5 {Sensory 9 erkennt die Bauernmajorität am Königsflügel. Bei
diesen Oldies nicht immer selbstverständlich.} 35. Kd4 g4 {Ph5!} 36. hxg4 fxg4
37. Kxe4 h5 38. Kf4 Kf7 39. Kg3 Kg6 40. Kf4 Kh6 41. a3 Kg6 42. a4 b6 43. Kg3
Kf5 44. Kf2 Ke4 45. Ke2 h4 46. Kf2 Kd3 47. c5 bxc5 48. e4 Kd2 49. e5 dxe5 {
Eine fehlerlose Partie des Sensory 9. Sauber den Stellungsvorteil imMittelspiel
ausgebaut und am Ende mit Zugzwangmotiven das Spiel beendet.} 0-1

[Event "1984 - Gruppe A"]
[Site "?"]
[Date "2008.??.??"]
[Round "9"]
[White "MGS Master Chess Trio S"]
[Black "Ambassador 2 MHz, Conchess"]
[Result "1/2-1/2"]
[WhiteElo "1600"]
[BlackElo "1600"]
[Annotator "Peter Haupert"]
[PlyCount "65"]
[EventDate "2008.??.??"]

1. d4 d5 2. c4 e6 3. Nc3 c5 4. cxd5 exd5 5. Nf3 Nc6 6. g3 {
Ende Bibi Grünfeld; Wechsel auf Morphy} c4 7. Bg2 Bb4 {Ende Bibi Ambassador} 8.
Bf4 Bxc3+ 9. bxc3 Nf6 10. O-O Bf5 11. Nh4 Be4 $2 12. f3 Bg6 13. Nxg6 {
besser Pe4!} hxg6 14. e4 O-O 15. Rb1 Qd7 16. exd5 $2 {
Pe5 ist wesentlich stärker} Nxd5 17. Bd2 Rad8 18. Qe2 b5 $1 19. Qf2 (19. Rxb5
$2 Nxd4 20. cxd4 Qxb5 $19) 19... a6 20. Rfe1 Rde8 21. Re4 Nf6 22. Rxe8 Rxe8 23.
f4 Ne4 24. Bxe4 Rxe4 25. Re1 Rxe1+ 26. Qxe1 Ne7 {
Ambassador hat Vorteil am Damenflügel} 27. Qe5 Qb7 28. Qd6 Nd5 $2 (28... Nf5 $1
29. Qd8+ Kh7 30. Qe8 Qf3 $19) 29. Qd8+ Kh7 30. Qh4+ Kg8 31. Qd8+ Kh7 32. Qh4+
Kg8 33. Qd8+ 1/2-1/2